000 00592nam a2200229Ia 4500
003 OSt
005 20220918183257.0
006 a|||||r|||| 00| 0
007 ta
008 220917b |||||||| |||| 00| 0 eng d
024 _a37,144
037 _cTextual
040 _aARTS
_cARTS
_beng
041 _2eng
_aeng
082 _aO115:3M59:1, 111F1
100 _aHumsun Knut
_962453
245 0 _aGrowth of he soil tr by W W Werster
260 _c1921
650 _aENGLISH LITERATURE
942 _hO115:3M59:1, 111F1
_cTEXL
_2CC
999 _c172125
_d172125